MARC

LEADER 00000nam0a2200000 4500
001 308377
005 20231102002104.0
035 |a (RuTPU)RU\TPU\book\333687 
035 |a RU\TPU\book\333666 
090 |a 308377 
100 |a 20151030d1951 m y0rusy50 ca 
101 0 |a rus 
102 |a RU 
105 |a a j 001zy 
200 1 |a Теория механизмов и машин  |e учебник для вузов  |f И. И. Артоболевский 
205 |a 2-е изд., перераб. и доп. 
210 |a Москва  |a Ленинград  |c Гос. изд-во технико-теоретической литературы  |d 1951 
215 |a 704 с.  |c ил. 
320 |a Именной указатель: с. 698-699. 
320 |a Предметный указатель: с. 699-704. 
606 1 |a Механизмы и машины  |x Теория  |2 stltpush  |3 (RuTPU)RU\TPU\subj\64695  |9 81456 
610 1 |a учебники 
610 1 |a механизмы 
610 1 |a структура 
610 1 |a кинематика 
610 1 |a структурный анализ 
610 1 |a классификация 
610 1 |a кинематические цепи 
610 1 |a исследование 
610 1 |a проектирование 
610 1 |a плоские механизмы 
610 1 |a кинематические диаграммы 
610 1 |a зубчатые механизмы 
610 1 |a динамика 
610 1 |a трение 
610 1 |a инерция 
610 1 |a кинетостатика 
610 1 |a КПД 
610 1 |a теория регуляторов 
675 |a 621.01(075.8)  |v 3 
700 1 |a Артоболевский  |b И. И.  |c специалист в области теории машин и механизмов  |c академик АН СССР, Герой Социалистического Труда  |f 1905-1977  |g Иван Иванович  |2 stltpush  |3 (RuTPU)RU\TPU\pers\15331  |9 5277 
801 0 |a RU  |b 63413507  |c 20011210  |g PSBO 
801 2 |a RU  |b 63413507  |c 20220506  |g PSBO 
942 |c BK